LEADER 01023nam a2200241 i 4500 001 000000154089 003 CaOOAMICUS 005 20061010000000.0 008 061010s1952 it u000 u fre u 013 $a131435 040 $aSeMil$bita 100 1 $aFosca, François.$0(OLS)http://semarc/name/58428 245 13$aLe dix-huitième siècle :$bde Watteau a Tiepolo /$ctexte de François Fosca. 260 $aGenève :$bSkira,$ccopyr. 1952. 300 $a145 p. :$bill ;$c29 cm. 490 0 $aLes grands siècles de la peinture 500 $aContiene : Notices biographiques et bibliographiques. 650 4$aPittura - Sec. 18.$0(OLS)http://semarc/subject/30144 830 4$aLes grands siècles de la peinture.$0(OLS)http://semarc/title/21872 850 $aSeMil 852 $aSeMil$W1$xVenegono$y1$m5M IX 54$j105952$B105952$CSeMilBibl$Z2$F115185 $8I 996 $6245$aLe dix-huitième siècle :$bde Watteau a Tiepolo$9(OLS)http://semarc/title/225469 996 $6260$aGenève :$bSkira$9(OLS)http://semarc/publisher/34433 LEADER 01492nam a2200289 i 4500 001 000000216777 003 CaOOAMICUS 005 20220715142252.0 008 121109s2009 it u000 u ita u 020 $a978-88-498-3091-0 040 $aSeMil$bita 100 1 $aAgus, Luigi.$0(OLS)http://semarc/name/12554 245 10$aSan Simplicio in Olbia e la diocesi di Civita :$bstudio artistico e socio-religioso dell'edificio medievale /$cLuigi Agus ; presentazione di Pietro Borzomati. 264 1$aSoveria Mannelli (CZ) :$bRubbettino,$c2009. 300 $a218 p. :$bill. ;$c23 cm. 490 1 $aSpiritualità e promozione umana ;$v52 650 4$aOlbia - Chiese - Basilica di San Simplicio.$0(OLS)http://semarc/subject/40276 700 1 $aBorzomati, Pietro.$0(OLS)http://semarc/name/4087 773 0 $tMneme.$dSoveria Mannelli (CZ) : Rubbettino, 2009.$kSpiritualità e promozione umana$g1$w()27648 830 0$aSpiritualità e promozione umana ;$v52.$0(OLS)http://semarc/title/10789 850 $aSeMil 852 $aSeMil$W1$xVenegono$y1$m3P III 109$j167193$B167193$CSeMilBibl$Z2$F179283 $81 961 $aOmaggio: Caspani don Pierpaolo 996 $6020$a978-88-498-3091-0$9(OLS)http://semarc/number/213917 996 $6245$aSan Simplicio in Olbia e la diocesi di Civita :$bstudio artistico e socio-religioso dell'edificio medievale$9(OLS)http://semarc/title/311630 996 $6264$aSoveria Mannelli (CZ) :$bRubbettino$9(OLS)http://semarc/publisher/32068